[Event "Titled Tuesday intern op 29th Aug Late"]
[Site "Chess.com INT"]
[Date "2023.08.29"]
[Round "1"]
[White "Dimitrov, Atanas Valtchev"]
[Black "Justo, Damian"]
[Result "1-0"]
[WhiteElo "2269"]
[BlackElo "2251"]
[PlyCount "121"]
[EventDate "2023.08.29"]
[EventType "swiss (blitz)"]
[EventRounds "11"]
[EventCountry "USA"]
[SourceTitle "EXT 2024"]
[Source "ChessBase"]
[SourceDate "2023.10.10"]
[SourceVersion "1"]
[SourceVersionDate "2023.10.10"]
[SourceQuality "1"]

1. Nf3 Nf6 2. c4 c5 3. Nc3 e6 4. e3 a6 5. Be2 d5 6. cxd5 exd5 7. d4 c4 8. a4 Bb4 9. 0-0 Nc6 10. Bd2 0-0 11. Qc2 g6 12. Rfd1 Bf5 13. Qc1 Na5 14. Ra3 Bxa3 15. bxa3 Nb3 16. Qb2 Nxd2 17. Nxd2 Rb8 18. Bf3 Qd7 19. a5 Bd3 20. g3 Rfe8 21. Qb4 Ne4 22. Bg2 Nxc3 23. Qxc3 Qb5 24. Ra1 b6 25. axb6 Rxb6 26. Rd1 Rd8 27. Bf3 Qb2 28. Qa5 Qb5 29. Qc3 a5 30. h4 h5 31. Kg2 Kg7 32. g4 hxg4 33. Bxg4 Rh8 34. Rh1 a4 35. Bf3 Qd7 36. Qa5 Qb5 37. Qc3 Qb2 38. Qa5 Rb5 39. Qa6 c3 40. Nf1 Bxf1+ 41. Rxf1 c2 42. Qc6 Rb3 43. Qxd5 Re8 44. Qc6 Re6 45. Qxa4 Rc3 46. d5 c1Q 47. Rxc1 Rxc1 48. dxe6 fxe6 49. Qd7+ Kf6 50. Qd8+ Kg7 51. a4 Qf6 52. Qd7+ Kh6 53. a5 Ra1 54. Qb5 Qf5 55. Qe2 Rxa5 56. Bg4 Qf6 57. Kg3 Rc5 58. Qd2 Qe5+ 59. f4 Rd5 60. Qc2 Qd6 61. Bf3 1-0

[Event "Titled Tuesday intern op 29th Aug Late"]
[Site "Chess.com INT"]
[Date "2023.08.29"]
[Round "5"]
[White "Justo, Damian"]
[Black "Kula, Robert"]
[Result "0-1"]
[WhiteElo "2251"]
[BlackElo "2284"]
[PlyCount "80"]
[EventDate "2023.08.29"]
[EventType "swiss (blitz)"]
[EventRounds "11"]
[EventCountry "USA"]
[SourceTitle "EXT 2024"]
[Source "ChessBase"]
[SourceDate "2023.10.10"]
[SourceVersion "1"]
[SourceVersionDate "2023.10.10"]
[SourceQuality "1"]

1. d4 g6 2. Nf3 Bg7 3. c4 b6 4. g3 Bb7 5. Bg2 Nf6 6. d5 0-0 7. Nc3 e6 8. 0-0 exd5 9. cxd5 d6 10. Nd4 Nbd7 11. Bf4 Re8 12. Rc1 a6 13. a4 h6 14. e4 g5 15. Be3 Nc5 16. Qc2 a5 17. Nf5 Bf8 18. Bd4 Bc8 19. h3 Bxf5 20. exf5 Bg7 21. g4 Qd7 22. Rfd1 Re7 23. Nb5 Ne8 24. Bxg7 Kxg7 25. Nd4 Nf6 26. b3 Rae8 27. Qb2 Re5 28. Rf1 Nd3 29. Qc3 Nxc1 30. Rxc1 Kg8 31. Nc6 Nxd5 32. Qd2 Nf4 33. Nxe5 Rxe5 34. Bf1 Qe7 35. Rc4 Re1 36. Rxf4 gxf4 37. Qxf4 Qe2 38. Kg2 Qxf1+ 39. Kg3 Re2 40. f6 Qg1+ 0-1

[Event "Titled Tuesday intern op 29th Aug Late"]
[Site "Chess.com INT"]
[Date "2023.08.29"]
[Round "7"]
[White "Sailer, Mike L"]
[Black "Justo, Damian"]
[Result "1-0"]
[WhiteElo "2109"]
[BlackElo "2251"]
[PlyCount "69"]
[EventDate "2023.08.29"]
[EventType "swiss (blitz)"]
[EventRounds "11"]
[EventCountry "USA"]
[SourceTitle "EXT 2024"]
[Source "ChessBase"]
[SourceDate "2023.10.10"]
[SourceVersion "1"]
[SourceVersionDate "2023.10.10"]
[SourceQuality "1"]

1. d4 e6 2. Bf4 c5 3. e3 Nf6 4. Nc3 a6 5. Nf3 d5 6. Be2 Nc6 7. 0-0 Bd6 8. Ne5 Qc7 9. Nxc6 bxc6 10. Bxd6 Qxd6 11. dxc5 Qxc5 12. Na4 Qa7 13. c4 0-0 14. Rc1 Rb8 15. b3 Re8 16. Qc2 e5 17. Rfd1 h6 18. cxd5 cxd5 19. Qc7 Rb7 20. Qxc8 Rxc8 21. Rxc8+ Kh7 22. Rdc1 g6 23. h3 Rd7 24. R1c6 Ne4 25. Rxa6 Qb7 26. Raa8 Qb4 27. Rc1 Qd2 28. Rcc8 Qxe2 29. Nb6 Qxf2+ 30. Kh1 Qe1+ 31. Kh2 Qg3+ 32. Kh1 Nf2+ 33. Kg1 Rb7 34. Nxd5 h5 35. Rh8+ 1-0

[Event "Titled Tuesday intern op 22nd Aug Late"]
[Site "Chess.com INT"]
[Date "2023.08.22"]
[Round "7"]
[White "Guzman Lozano, Campo Elias"]
[Black "Justo, Damian"]
[Result "0-1"]
[WhiteElo "1924"]
[BlackElo "2251"]
[PlyCount "50"]
[EventDate "2023.08.22"]
[EventType "swiss (blitz)"]
[EventRounds "11"]
[EventCountry "USA"]
[SourceTitle "EXT 2024"]
[Source "ChessBase"]
[SourceDate "2023.10.10"]
[SourceVersion "1"]
[SourceVersionDate "2023.10.10"]
[SourceQuality "1"]

1. d4 e6 2. Nf3 Nf6 3. c4 c5 4. d5 d6 5. Nc3 exd5 6. Nxd5 Nxd5 7. Qxd5 Nc6 8. Qd1 Be7 9. g3 Be6 10. b3 Bf6 11. Bd2 Bxa1 12. Qxa1 0-0 13. Bg2 d5 14. Ng5 Nd4 15. Qd1 Bg4 16. f3 Bh5 17. cxd5 Qxd5 18. 0-0 Rad8 19. e4 Ne2+ 20. Qxe2 Qxd2 21. Rf2 Qxg5 22. Qb5 Rd1+ 23. Bf1 Qe3 24. Kg2 Rd2 25. Rxd2 Qxd2+ 0-1

[Event "Titled Tuesday intern op 22nd Aug Late"]
[Site "Chess.com INT"]
[Date "2023.08.22"]
[Round "8"]
[White "Jovic, Stanoje"]
[Black "Justo, Damian"]
[Result "1/2-1/2"]
[WhiteElo "2075"]
[BlackElo "2251"]
[PlyCount "60"]
[EventDate "2023.08.22"]
[EventType "swiss (blitz)"]
[EventRounds "11"]
[EventCountry "USA"]
[SourceTitle "EXT 2024"]
[Source "ChessBase"]
[SourceDate "2023.10.10"]
[SourceVersion "1"]
[SourceVersionDate "2023.10.10"]
[SourceQuality "1"]

1. c4 Nf6 2. g3 c6 3. Bg2 d5 4. cxd5 cxd5 5. Nf3 Nc6 6. d4 Bf5 7. Nc3 e6 8. 0-0 Bd6 9. Bf4 Bxf4 10. gxf4 0-0 11. Ne5 Ne7 12. Qb3 Rb8 13. Rfc1 Ne8 14. Qa4 a6 15. e4 dxe4 16. Nxe4 Bxe4 17. Bxe4 Nd6 18. f3 Ng6 19. Bxg6 fxg6 20. Qd7 Rf6 21. Rc7 Qf8 22. Ng4 Rxf4 23. Qxe6+ Kh8 24. Rd7 Nf5 25. Ne5 Nxd4 26. Rxd4 Rxd4 27. Nf7+ Kg8 28. Ne5+ Kh8 29. Nf7+ Kg8 30. Ne5+ Kh8 1/2-1/2

[Event "Cappelle op 34th"]
[Site "Cappelle la Grande"]
[Date "2018.03.05"]
[Round "3.6"]
[White "Justo, Damian"]
[Black "Stany, George Anthony"]
[Result "1/2-1/2"]
[WhiteElo "2279"]
[BlackElo "2494"]
[PlyCount "107"]
[EventDate "2018.03.03"]
[EventType "swiss"]
[EventRounds "9"]
[EventCountry "FRA"]
[SourceTitle "EXT 2019"]
[Source "ChessBase"]
[SourceDate "2018.10.10"]
[SourceVersion "1"]
[SourceVersionDate "2018.10.10"]
[SourceQuality "1"]

1. d4 Nf6 2. Nf3 g6 3. c4 Bg7 4. g3 d5 5. cxd5 Nxd5 6. Bg2 Nb6 7. Nc3 Nc6 8. e3 0-0 9. 0-0 Re8 10. Nh4 e5 11. d5 Nb4 12. a3 Na6 13. e4 c6 14. dxc6 bxc6 15. Qc2 Nc5 16. Rd1 Qe7 17. Be3 Ne6 18. Nf3 Nc4 19. Bc1 Rb8 20. Na4 Nb6 21. Nxb6 axb6 22. Qxc6 Bb7 23. Qb5 Bxe4 24. Be3 Red8 25. Rxd8+ Qxd8 26. Rc1 Bd3 27. Qb4 e4 28. Nd2 Nd4 29. Bxd4 Qxd4 30. Nxe4 Qxb2 31. Rd1 Qc2 32. Re1 b5 33. Ng5 Bc4 34. Qd6 Rf8 35. Bf1 Qb2 36. Rd1 h6 37. Nf3 Be6 38. Qb4 Qc2 39. Re1 Bc3 40. Qb1 Qa4 41. Rxe6 fxe6 42. Qxg6+ Bg7 43. Qxe6+ Rf7 44. Ne5 Bxe5 45. Qe8+ Rf8 46. Qe6+ Rf7 47. Qe8+ Rf8 48. Qxe5 Qxa3 49. Bxb5 Qa2 50. Qc5 Qb1+ 51. Kg2 Qe4+ 52. Kg1 Qb1+ 53. Kg2 Qe4+ 54. Kg1 1/2-1/2

[Event "Paris-ch 92nd"]
[Site "Paris"]
[Date "2017.07.21"]
[Round "8"]
[White "Justo, Damian"]
[Black "Iglesias, Yosha"]
[Result "0-1"]
[WhiteElo "2300"]
[BlackElo "2256"]
[PlyCount "74"]
[EventDate "2017.07.14"]
[EventType "swiss"]
[EventRounds "9"]
[EventCountry "FRA"]
[SourceTitle "EXT 2018"]
[Source "ChessBase"]
[SourceDate "2017.10.13"]
[SourceVersion "1"]
[SourceVersionDate "2017.10.13"]
[SourceQuality "1"]

1. d4 d6 2. Nf3 c6 3. g3 Nf6 4. Bg2 Nbd7 5. c4 e5 6. Nc3 Be7 7. e4 0-0 8. 0-0 a6 9. a4 a5 10. h3 Re8 11. Be3 exd4 12. Bxd4 Nc5 13. Qc2 Be6 14. Nd2 Qb6 15. f4 Rad8 16. Kh2 Bc8 17. Ra3 Nfd7 18. Nb3 Qc7 19. Nxc5 Nxc5 20. Bxc5 dxc5 21. Raa1 g5 22. e5 gxf4 23. gxf4 f6 24. Ne4 Rf8 25. Rg1 fxe5 26. Qc3 Rxf4 27. Raf1 Bf5 28. Rxf4 exf4 29. Nf6+ Kf7 30. Bd5+ cxd5 31. Nxd5 Rxd5 32. Qg7+ Ke8 33. Qg8+ Bf8 34. Qxd5 f3+ 35. Kh1 f2 36. Rf1 Qf4 37. Rxf2 Be4+ 0-1

[Event "Paris-ch 92nd"]
[Site "Paris"]
[Date "2017.07.17"]
[Round "4"]
[White "Justo, Damian"]
[Black "Le Quang, Kim"]
[Result "1-0"]
[WhiteElo "2300"]
[BlackElo "2279"]
[PlyCount "69"]
[EventDate "2017.07.14"]
[EventType "swiss"]
[EventRounds "9"]
[EventCountry "FRA"]
[SourceTitle "EXT 2018"]
[Source "ChessBase"]
[SourceDate "2017.10.13"]
[SourceVersion "1"]
[SourceVersionDate "2017.10.13"]
[SourceQuality "1"]

1. d4 f5 2. g3 Nf6 3. Bg2 g6 4. Nf3 Bg7 5. b3 0-0 6. Bb2 d6 7. 0-0 c6 8. Nbd2 a5 9. a3 Na6 10. Re1 Ne4 11. Nxe4 fxe4 12. Nd2 d5 13. f3 Qb6 14. fxe4 Bxd4+ 15. Bxd4 Qxd4+ 16. e3 Qe5 17. exd5 cxd5 18. c4 e6 19. Nf3 Qd6 20. Qd4 Bd7 21. Ne5 Nc7 22. Ng4 e5 23. Nxe5 Bc6 24. cxd5 Bb5 25. a4 Rae8 26. Nf3 Bd7 27. e4 Na6 28. Rac1 Nb4 29. Nd2 b5 30. e5 Qb8 31. e6 bxa4 32. bxa4 Bxa4 33. d6 Nc2 34. Rxc2 Bxc2 35. e7 1-0

[Event "Paris-ch 91st"]
[Site "Paris"]
[Date "2016.07.14"]
[Round "6"]
[White "Justo, Damian"]
[Black "Roser, Kevin"]
[Result "1-0"]
[WhiteElo "2304"]
[BlackElo "2394"]
[PlyCount "99"]
[EventDate "2016.07.09"]
[EventType "swiss"]
[EventRounds "9"]
[EventCountry "FRA"]
[SourceTitle "CBM 173 Extra"]
[Source "ChessBase"]
[SourceDate "2016.08.29"]
[SourceVersion "1"]
[SourceVersionDate "2016.08.29"]
[SourceQuality "1"]

1. d4 Nf6 2. Nf3 e6 3. g3 b5 4. Qd3 a6 5. e4 Bb7 6. e5 Nd5 7. Bg2 d6 8. 0-0 Nd7 9. a4 b4 10. Nbd2 Be7 11. h4 h6 12. Re1 a5 13. Qe4 0-0 14. Qg4 Kh7 15. Ne4 Qc8 16. Qh5 dxe5 17. dxe5 Nc5 18. Nxc5 Bxc5 19. Ng5+ Kg8 20. Ne4 Be7 21. Bxh6 gxh6 22. Qxh6 f5 23. exf6 Bxf6 24. Ng5 Qd7 25. Bh3 Ra6 26. Bxe6+ Rxe6 27. Nxe6 Re8 28. Qg6+ Kh8 29. Ng5 Rf8 30. Re8 Rxe8 31. Nf7+ Qxf7 32. Qxf7 Re7 33. Qf8+ Kh7 34. Rd1 Re5 35. Kh2 Bg7 36. Qf7 Nf6 37. Qxc7 Bf3 38. Kg1 Nd5 39. Qc4 Kh8 40. Rf1 Be4 41. Re1 Nb6 42. Qc7 Nxa4 43. Rxe4 Rxe4 44. Qc8+ Kh7 45. Qf5+ Kh8 46. Qc8+ Kh7 47. Qf5+ Kh8 48. Qxe4 Nxb2 49. Qa8+ Kh7 50. Qxa5 1-0

[Event "Paris-ch 91st"]
[Site "Paris"]
[Date "2016.07.10"]
[Round "2"]
[White "Justo, Damian"]
[Black "Salles, Louis"]
[Result "1/2-1/2"]
[WhiteElo "2304"]
[BlackElo "2207"]
[PlyCount "63"]
[EventDate "2016.07.09"]
[EventType "swiss"]
[EventRounds "9"]
[EventCountry "FRA"]
[SourceTitle "CBM 173 Extra"]
[Source "ChessBase"]
[SourceDate "2016.08.29"]
[SourceVersion "1"]
[SourceVersionDate "2016.08.29"]
[SourceQuality "1"]

1. d4 Nf6 2. Nf3 g6 3. g3 Bg7 4. c4 0-0 5. Bg2 d6 6. Nc3 Nbd7 7. 0-0 e5 8. Qc2 Re8 9. Rd1 c6 10. b3 Bf8 11. e4 Qc7 12. h3 b5 13. c5 dxc5 14. dxe5 Nh5 15. Bb2 Nxe5 16. Nxe5 Rxe5 17. a4 b4 18. Nb1 Re8 19. Nd2 Ba6 20. Nc4 Ng7 21. Ne3 h5 22. h4 Ne6 23. Rac1 Rad8 24. f4 Rxd1+ 25. Rxd1 c4 26. Nxc4 Bc5+ 27. Kh1 Nxf4 28. Ne5 Rxe5 29. Bxe5 Qxe5 30. gxf4 Qe7 31. Bf3 Qxh4+ 32. Qh2 1/2-1/2

[Event "FRA-chT Top 12"]
[Site "Drancy"]
[Date "2016.06.07"]
[Round "11.6"]
[White "Justo, Damian"]
[Black "Le Roux, Jean Pierre"]
[Result "0-1"]
[WhiteElo "2325"]
[BlackElo "2549"]
[PlyCount "66"]
[EventDate "2016.05.28"]
[EventType "team-tourn"]
[EventRounds "11"]
[EventCountry "FRA"]
[SourceTitle "CBM 172 Extra"]
[Source "ChessBase"]
[SourceDate "2016.06.21"]
[SourceVersion "1"]
[SourceVersionDate "2016.06.21"]
[SourceQuality "1"]
[WhiteTeam "Evry Grand Roque"]
[BlackTeam "Bischwiller"]
[WhiteTeamCountry "FRA"]
[BlackTeamCountry "FRA"]

1. d4 Nf6 2. c4 c5 3. d5 b5 4. cxb5 a6 5. bxa6 g6 6. Nc3 Bg7 7. g3 0-0 8. Bg2 d6 9. Nf3 Nbd7 10. Rb1 Nb6 11. Nh4 Nfd7 12. Qc2 Bxa6 13. b3 Bb7 14. Bb2 c4 15. b4 Bxc3+ 16. Bxc3 Nxd5 17. Bxd5 Bxd5 18. e4 Bb7 19. 0-0 Ra3 20. f3 Qb6+ 21. Kh1 Rfa8 22. Qd2 Rxa2 23. Qg5 Rc2 24. Qxe7 Raa2 25. Rb2 Raxb2 26. Bxb2 Rxb2 27. Qxd7 c3 28. Rc1 Qe3 29. Rf1 Qd2 30. Rf2 Qe1+ 31. Kg2 Qxf2+ 32. Kh3 Qxh2+ 33. Kg4 h5+ 0-1

[Event "FRA-chT Top 12"]
[Site "Drancy"]
[Date "2016.06.04"]
[Round "8.4"]
[White "Sulava, Nenad"]
[Black "Justo, Damian"]
[Result "1/2-1/2"]
[WhiteElo "2416"]
[BlackElo "2325"]
[PlyCount "100"]
[EventDate "2016.05.28"]
[EventType "team-tourn"]
[EventRounds "11"]
[EventCountry "FRA"]
[SourceTitle "CBM 172 Extra"]
[Source "ChessBase"]
[SourceDate "2016.06.21"]
[SourceVersion "1"]
[SourceVersionDate "2016.06.21"]
[SourceQuality "1"]
[WhiteTeam "Nice Alekhine"]
[BlackTeam "Evry Grand Roque"]
[WhiteTeamCountry "FRA"]
[BlackTeamCountry "FRA"]

1. d4 Nf6 2. Nf3 e6 3. c4 c5 4. g3 cxd4 5. Nxd4 d5 6. Bg2 e5 7. Nb3 d4 8. 0-0 Nc6 9. f4 e4 10. f5 a5 11. e3 d3 12. Nc3 Ne5 13. Nd2 Bd7 14. Ndxe4 Bc6 15. Nxf6+ Qxf6 16. Nd5 Bxd5 17. Bxd5 a4 18. Bxb7 Ra7 19. Bd5 Bc5 20. Bd2 0-0 21. Kh1 Re8 22. Rb1 Qb6 23. e4 Be3 24. Bc3 Bd4 25. Bd2 Be3 26. Qe1 Bxd2 27. Qxd2 Qd4 28. f6 h6 29. fxg7 Kxg7 30. b3 Rb8 31. Qf4 Rb6 32. b4 Nxc4 33. Bxc4 Qxc4 34. a3 Qd4 35. Rbd1 Rd7 36. e5 Rc6 37. Rd2 Rc2 38. Qf6+ Kg8 39. Qxh6 Rxd2 40. Qxd2 Qxe5 41. Rf2 Qd5+ 42. Kg1 Rc7 43. Qf4 Rc4 44. Qe3 Re4 45. Qd2 Kg7 46. h4 f6 47. Qc3 Qd6 48. Qd2 Rg4 49. Rf3 Rxg3+ 50. Rxg3+ Qxg3+ 1/2-1/2

[Event "Cappelle op 32nd"]
[Site "Cappelle la Grande"]
[Date "2016.02.15"]
[Round "3"]
[White "Franck, Boris"]
[Black "Justo, Damian"]
[Result "0-1"]
[WhiteElo "2100"]
[BlackElo "2314"]
[PlyCount "46"]
[EventDate "2016.02.13"]
[EventType "swiss"]
[EventRounds "9"]
[EventCountry "FRA"]
[SourceTitle "EXT 2017"]
[Source "ChessBase"]
[SourceDate "2016.10.25"]
[SourceVersion "1"]
[SourceVersionDate "2016.10.25"]
[SourceQuality "1"]

1. e4 e6 2. Nf3 d5 3. e5 c5 4. b4 cxb4 5. a3 Nc6 6. axb4 Bxb4 7. c3 Be7 8. d4 f6 9. Bd3 Nh6 10. 0-0 fxe5 11. dxe5 0-0 12. Qc2 Rxf3 13. gxf3 Nxe5 14. Bxh7+ Kh8 15. Bxh6 Nxf3+ 16. Kh1 gxh6 17. Nd2 Qf8 18. Rg1 Bg5 19. h4 Nxd2 20. hxg5 Qf3+ 21. Rg2 e5 22. g6 Bf5 23. Qxd2 Be4 0-1

[Event "Montigny le Bretonneux 2nd"]
[Site "Montigny le Bretonneux"]
[Date "2014.10.25"]
[Round "8"]
[White "Justo, Damian"]
[Black "Van Dongen, Patrick"]
[Result "1-0"]
[WhiteElo "2353"]
[BlackElo "2312"]
[PlyCount "69"]
[EventDate "2014.10.18"]
[EventType "tourn"]
[EventRounds "9"]
[EventCountry "FRA"]
[EventCategory "5"]
[SourceTitle "EXT 2016"]
[Source "ChessBase"]
[SourceDate "2015.10.08"]
[SourceVersion "1"]
[SourceVersionDate "2015.10.08"]
[SourceQuality "1"]

1. d4 Nf6 2. c4 e6 3. g3 Bb4+ 4. Bd2 c5 5. Bxb4 cxb4 6. Bg2 0-0 7. Nf3 d6 8. 0-0 Nc6 9. a3 bxa3 10. Nxa3 e5 11. Nb5 a6 12. dxe5 dxe5 13. Nd6 Qe7 14. c5 h6 15. Nd2 Be6 16. Qa4 Bd5 17. N2c4 Bxg2 18. Kxg2 Qc7 19. Rfd1 Rad8 20. Rac1 g6 21. b4 Rd7 22. Qa1 Re7 23. Qb2 Re6 24. Rd2 h5 25. Rcd1 Qe7 26. b5 axb5 27. Qxb5 Rb8 28. e3 Qc7 29. Nb6 Re7 30. Qc4 Kg7 31. Qh4 Re6 32. Ne4 Qe7 33. Nxf6 Rxf6 34. Nd5 Qe6 35. Nxf6 1-0

[Event "Montigny le Bretonneux 2nd"]
[Site "Montigny le Bretonneux"]
[Date "2014.10.24"]
[Round "9"]
[White "Etrog, Jonathan"]
[Black "Justo, Damian"]
[Result "1/2-1/2"]
[WhiteElo "2255"]
[BlackElo "2353"]
[PlyCount "53"]
[EventDate "2014.10.18"]
[EventType "tourn"]
[EventRounds "9"]
[EventCountry "FRA"]
[EventCategory "5"]
[SourceTitle "EXT 2016"]
[Source "ChessBase"]
[SourceDate "2015.10.08"]
[SourceVersion "1"]
[SourceVersionDate "2015.10.08"]
[SourceQuality "1"]

1. c4 Nf6 2. g3 c6 3. Bg2 d5 4. Nf3 Bg4 5. Ne5 Be6 6. cxd5 Bxd5 7. Nf3 c5 8. Nc3 Bc6 9. 0-0 Nbd7 10. d4 e6 11. Bf4 cxd4 12. Qxd4 Bc5 13. Qd2 Qe7 14. Rad1 Rc8 15. Ne5 Nxe5 16. Bxe5 Bxg2 17. Kxg2 0-0 18. Qg5 b6 19. Rd7 h6 20. Bxf6 Qxf6 21. Qxf6 gxf6 22. Rxa7 Rfd8 23. Rd1 Rxd1 24. Nxd1 Rd8 25. Nc3 Rd2 26. Na4 Rxe2 27. Nxc5 1/2-1/2

[Event "Montigny le Bretonneux 2nd"]
[Site "Montigny le Bretonneux"]
[Date "2014.10.21"]
[Round "4"]
[White "Justo, Damian"]
[Black "Kambrath, Yannick"]
[Result "0-1"]
[WhiteElo "2353"]
[BlackElo "2267"]
[PlyCount "146"]
[EventDate "2014.10.18"]
[EventType "tourn"]
[EventRounds "9"]
[EventCountry "FRA"]
[EventCategory "5"]
[SourceTitle "EXT 2016"]
[Source "ChessBase"]
[SourceDate "2015.10.08"]
[SourceVersion "1"]
[SourceVersionDate "2015.10.08"]
[SourceQuality "1"]

1. d4 Nf6 2. c4 g6 3. Nc3 d5 4. cxd5 Nxd5 5. g3 Bg7 6. Bg2 Nxc3 7. bxc3 c5 8. Nf3 Nc6 9. 0-0 cxd4 10. cxd4 Nxd4 11. Nxd4 Qxd4 12. Rb1 0-0 13. Be3 Qc4 14. Qd2 Be6 15. Rxb7 Rad8 16. Qa5 a6 17. a3 Qxe2 18. Rxe7 Bc4 19. Bg5 Qa2 20. Rfe1 Bd4 21. Be3 Bxe3 22. R7xe3 Bb5 23. h4 Rd2 24. Rf3 Re2 25. Rxe2 Qxe2 26. Rf4 Re8 27. Kh2 Qe1 28. Qc7 Qe7 29. Qc3 Qe5 30. Qb3 Re7 31. Bd5 Be8 32. Qb4 Qc7 33. h5 Re5 34. Bf3 Qc5 35. Qb2 gxh5 36. Kg2 Bc6 37. Bxc6 Qxc6+ 38. Kh2 Re1 39. Qb8+ Kg7 40. Qb2+ f6 41. f3 Qe6 42. Re4 Rxe4 43. fxe4 Qxe4 44. Qf2 Kg6 45. Qa2 h4 46. Qg8+ Kh6 47. Qf8+ Kh5 48. Qf7+ Qg6 49. g4+ Kxg4 50. Qc4+ Kf3 51. Qf1+ Ke4 52. Qxa6 Qg3+ 53. Kh1 Qe1+ 54. Kg2 Qg3+ 55. Kh1 Qf3+ 56. Kh2 Qf4+ 57. Kg2 Ke3 58. Qa7+ Qd4 59. Qxh7 Qg4+ 60. Kh2 Qf4+ 61. Kg2 Qf3+ 62. Kh2 Qg3+ 63. Kh1 Qh3+ 64. Kg1 Qg3+ 65. Kh1 Qf3+ 66. Kh2 Qf4+ 67. Kg2 Qg5+ 68. Kh2 Qe5+ 69. Kg2 Qb2+ 70. Kh3 Qxa3 71. Qf5 Qd6 72. Kxh4 Qf4+ 73. Qg4 f5 0-1

[Event "Montigny le Bretonneux 2nd"]
[Site "Montigny le Bretonneux"]
[Date "2014.10.19"]
[Round "2"]
[White "Justo, Damian"]
[Black "Jessel, Stephen"]
[Result "1/2-1/2"]
[WhiteElo "2353"]
[BlackElo "2342"]
[PlyCount "29"]
[EventDate "2014.10.18"]
[EventType "tourn"]
[EventRounds "9"]
[EventCountry "FRA"]
[EventCategory "5"]
[SourceTitle "EXT 2016"]
[Source "ChessBase"]
[SourceDate "2015.10.08"]
[SourceVersion "1"]
[SourceVersionDate "2015.10.08"]
[SourceQuality "1"]

1. d4 e6 2. c4 b6 3. e4 Bb7 4. Bd3 Bb4+ 5. Bd2 Bxd2+ 6. Qxd2 f5 7. Nc3 Nf6 8. f3 Nc6 9. d5 Ne5 10. exf5 exf5 11. f4 Nxd3+ 12. Qxd3 0-0 13. 0-0-0 c6 14. dxc6 Bxc6 15. Nf3 1/2-1/2

[Event "Cappelle op 30th"]
[Site "Cappelle la Grande"]
[Date "2014.03.04"]
[Round "5"]
[White "Justo, Damian"]
[Black "Andreev, Eduard"]
[Result "0-1"]
[WhiteElo "2315"]
[BlackElo "2499"]
[PlyCount "98"]
[EventDate "2014.03.01"]
[EventType "swiss"]
[EventRounds "9"]
[EventCountry "FRA"]
[SourceTitle "CBM 159 Extra"]
[Source "ChessBase"]
[SourceDate "2014.04.24"]
[SourceVersion "1"]
[SourceVersionDate "2014.04.24"]
[SourceQuality "1"]

1. d4 Nf6 2. c4 e6 3. g3 c5 4. d5 exd5 5. cxd5 d6 6. Nc3 g6 7. Bg2 Bg7 8. Nf3 0-0 9. 0-0 Re8 10. Nd2 a6 11. a4 Nbd7 12. h3 Rb8 13. Nc4 Ne5 14. Na3 Nh5 15. e4 Bd7 16. a5 b5 17. axb6 Bb5 18. Ncxb5 axb5 19. Nxb5 Qxb6 20. Na3 Qb3 21. g4 Nf6 22. Qxb3 Rxb3 23. g5 Nh5 24. f4 Nd3 25. Nc4 Ng3 26. Nxd6 Bd4+ 27. Kh2 Nxf1+ 28. Bxf1 Reb8 29. Nc4 Nxc1 30. Rxc1 Be3 31. Nxe3 Rxe3 32. e5 Rxb2+ 33. Kg1 Rg3+ 34. Kh1 Rf3 35. Bg2 Rff2 36. Be4 Rxf4 37. Re1 c4 38. e6 fxe6 39. dxe6 Kf8 40. e7+ Kxe7 41. Bxg6+ Kf8 42. Bxh7 c3 43. Rc1 Rd2 44. Kg1 Kg7 45. Bc2 Rff2 46. Bb3 Rg2+ 47. Kf1 Rh2 48. Kg1 Rdg2+ 49. Kf1 Rh1+ 0-1

[Event "Cappelle op 30th"]
[Site "Cappelle la Grande"]
[Date "2014.03.02"]
[Round "2"]
[White "Manolache, Marius"]
[Black "Justo, Damian"]
[Result "0-1"]
[WhiteElo "2495"]
[BlackElo "2315"]
[PlyCount "112"]
[EventDate "2014.03.01"]
[EventType "swiss"]
[EventRounds "9"]
[EventCountry "FRA"]
[SourceTitle "CBM 159 Extra"]
[Source "ChessBase"]
[SourceDate "2014.04.24"]
[SourceVersion "1"]
[SourceVersionDate "2014.04.24"]
[SourceQuality "1"]

1. d4 e6 2. c4 Nf6 3. Nc3 Bb4 4. e3 c5 5. Bd3 0-0 6. Nf3 d5 7. 0-0 cxd4 8. exd4 dxc4 9. Bxc4 Bxc3 10. bxc3 Qc7 11. Qe2 Nbd7 12. Ba3 Re8 13. Rfe1 Nb6 14. Bb3 Qxc3 15. Qe5 Bd7 16. Rac1 Qd3 17. Rc7 Rac8 18. Bb2 Bc6 19. Rxf7 Bxf3 20. Rxf6 gxf6 21. Qg3+ Kh8 22. d5 e5 23. Rd1 Qe2 24. Qxf3 Qxf3 25. gxf3 Nc4 26. Bc1 b5 27. f4 e4 28. f5 Na5 29. Bb2 Rg8+ 30. Kf1 Kg7 31. d6 Nxb3 32. d7 Rc2 33. axb3 Rd8 34. Ba3 Rc7 35. Re1 Rdxd7 36. Rxe4 Rc3 37. Rg4+ Kf7 38. Rh4 Ke8 39. Re4+ Kd8 40. Bb2 Rc6 41. Bd4 a5 42. Be3 Ra6 43. Bc5 Rd5 44. Be7+ Kd7 45. Bf8 h5 46. Re7+ Kd8 47. Re3 Rxf5 48. Rd3+ Ke8 49. Bd6 Kf7 50. Ba3 Rc6 51. Rd7+ Kg6 52. Bf8 Rf3 53. Rg7+ Kf5 54. b4 Rc2 55. Bc5 axb4 56. Be3 Rxe3 0-1

[Event "Juvisy sur Orge"]
[Site "Juvisy sur Orge"]
[Date "2013.03.24"]
[Round "1"]
[White "Dubessay, Bastien"]
[Black "Justo, Damian"]
[Result "1-0"]
[WhiteElo "2348"]
[BlackElo "2291"]
[PlyCount "81"]
[EventDate "2013.03.24"]
[EventType "tourn"]
[EventRounds "9"]
[EventCountry "FRA"]
[EventCategory "5"]
[SourceTitle "CBM 153 Extra"]
[Source "ChessBase"]
[SourceDate "2013.04.22"]
[SourceVersion "1"]
[SourceVersionDate "2013.04.22"]
[SourceQuality "1"]

1. d4 e6 2. c4 Nf6 3. Nf3 c5 4. d5 d6 5. Nc3 exd5 6. cxd5 g6 7. Bf4 a6 8. a4 Bg7 9. h3 Qe7 10. Nd2 Nh5 11. Bh2 Nd7 12. e3 0-0 13. Be2 Nhf6 14. 0-0 Ne8 15. Re1 f5 16. Bf1 Rb8 17. a5 Ne5 18. Qb3 Qc7 19. f4 Nf7 20. Nc4 Nf6 21. e4 fxe4 22. g4 h5 23. g5 Ne8 24. Nxe4 Bd4+ 25. Kh1 Bf5 26. Ng3 Ng7 27. Nxf5 Nxf5 28. Bd3 Rbe8 29. Bxf5 gxf5 30. Qf3 Qd7 31. Qxh5 Kg7 32. g6 Rh8 33. Qf3 Kxg6 34. Bg1 Rxh3+ 35. Qxh3 Rh8 36. Re6+ Qxe6 37. dxe6 Rxh3+ 38. Kg2 Ng5 39. fxg5 Rb3 40. Bxd4 d5 41. e7 1-0